Effect of storage period of the latex articles on their physico-chemical properties(Translated from Russian) (Record no. 46252)

MARC details
000 -LEADER
fixed length control field 00381nam a2200121Ia 4500
100 ## - MAIN ENTRY--AUTHOR NAME
Personal name Zakjarenko NV
245 #0 - TITLE STATEMENT
Title Effect of storage period of the latex articles on their physico-chemical properties(Translated from Russian)
260 ## - PUBLICATION, DISTRIBUTION, ETC. (IMPRINT)
Name of publisher Translated from Russian by INSDOC
300 ## - PHYSICAL DESCRIPTION
Number of Pages 5p
700 ## - ADDED ENTRY--PERSONAL NAME
Personal name Nikolaeva YuK
942 ## - ADDED ENTRY ELEMENTS (KOHA)
Koha item type Reprints
Holdings
Withdrawn status Lost status Damaged status Not for loan Home library Current library Date acquired Accession Number Koha item type
      Reprints RRII Library RRII Library 22/12/2021 P1328 Reprints